[Event "ARM-ch"]
[Site "Yerevan"]
[Date "1995.??.??"]
[Round "8"]
[White "Lputian, Smbat G"]
[Black "Anastasian, Ashot"]
[Result "1-0"]
[WhiteElo "2585"]
[BlackElo "2520"]
[Annotator "Chekhov,V"]
[PlyCount "107"]
[EventDate "1995.08.??"]
[EventType "tourn"]
[EventRounds "11"]
[EventCountry "ARM"]
[EventCategory "10"]
[SourceTitle "CBM 050"]
[Source "ChessBase"]
[SourceDate "1996.02.01"]
[SourceVersion "1"]
[SourceVersionDate "1996.02.01"]
[SourceQuality "1"]

1. d4 {Hecht} Nf6 2. c4 e6 3. Nf3 b6 4. a3 Bb7 5. Nc3 d5 6. Bg5 Be7 7. Qa4+ Qd7
(7... Bc6 8. Qb3 dxc4 9. Qxc4 O-O 10. e3 Bb7 11. Rd1 Nbd7 12. Be2 Qc8 13. O-O
c5 14. Qa2 h6 15. Bh4 Nd5 16. Bxe7 Nxe7 17. Rc1 Qb8 18. Rfd1 $14 {Tunik,
G-Aseev,K/St-Peterburg/1994/0,5/44/}) (7... Nbd7 8. Bxf6 Bxf6 9. cxd5 exd5 10.
g3 c5 11. Bh3 a6 12. dxc5 bxc5 (12... b5 13. Qb4 $1) 13. e4 d4 14. Nd5 Bxd5 15.
exd5 Ra7 16. O-O O-O 17. Qc6 Qc8 18. Rac1 Rc7 19. Bxd7 $1 Rxc6 20. dxc6 Qc7 21.
Rxc5 $18 {Van Weli,L-Jonsson,B/Akureyri/1994/1|0/30/}) (7... Nfd7 8. Bxe7 Qxe7
9. cxd5 exd5 10. Ne5 O-O 11. Nxd7 Nxd7 12. e3 c5 13. Be2 a6 14. Bf3 Qe6 15. O-O
Rac8 16. Rad1 Rfd8 $10 {Bykhovsky,Av-Vladimirov,E/Gausdal/1991/0|1/69/}) (7...
c6 $5 8. Bxf6 (8. cxd5 Nxd5 9. Bxe7 Nxc3 10. Qxc6+ Nxc6 11. Bxd8 Nb5 12. Bg5
Ncxd4 13. Nxd4 Nxd4 14. Rd1 Nb3 $1 15. e3 O-O 16. f3 Rfc8 $10 {Stohl,
I-Korchnoi,V/Tilburg/1993/0|1/53/}) 8... Bxf6 9. cxd5 exd5 10. g3 O-O 11. Bg2
Na6 12. O-O Nc7 13. Rfd1 Re8 14. e3 Qd6 15. Rac1 g6 16. Ne2 Ne6 $10 {Piket,
J-Sokolov,I/Amsterdam/1994/0,5/24/}) 8. Qxd7+ Nbxd7 9. Nb5 Kd8 10. cxd5 Nxd5 $5
{/N/} (10... Bxd5 $5 11. e3 a6 12. Nc3 Bb7 13. Be2 h6 14. Bf4 Bd6 15. Ne5 Ke7
16. O-O g5 17. Bg3 h5 $10 {Poluljahov,A-Sokolov,A/YUG/1994/0,5/18/}) 11. e4
N5f6 12. Bf4 Bxe4 13. Bxc7+ Ke8 14. Be2 a6 15. Nd6+ Bxd6 16. Bxd6 Bd5 17. Nd2 (
17. O-O Ne4 18. Bf4 Ke7 19. Rfc1 Rhc8 20. Rxc8 Rxc8 21. Bxa6 Rc2 $132) 17...
Nb8 (17... Bxg2 $6 18. Rg1 Be4 19. Nxe4 $1 (19. Rxg7 Bg6 $13) 19... Nxe4 20.
Bf3 Ndf6 21. Rxg7 Rc8 22. Be5 Rc2 23. Rg2 Rf8 24. Be2 $16) 18. Bxb8 $1 (18. Bc7
Nfd7 (18... Nc6 19. Bxb6 Rb8 20. Bc5 Rxb2 21. Bxa6) 19. Bf3 Nc6 20. Bxd5 exd5
21. Nf3 Rc8 22. Bd6 f6 $10) 18... Rxb8 19. Rc1 (19. Bxa6 b5 20. a4 bxa4 21.
Rxa4 Rxb2) 19... b5 20. Nf3 Ke7 21. Rc7+ Nd7 22. Kd2 (22. Ne5 Rhd8 23. Kd2 f6
24. Nxd7 (24. Nc6+ Kd6 $1) 24... Rxd7 $10) 22... f6 23. Rhc1 $14 Rb7 24. Ne1
Rxc7 (24... Kd6 25. R7c3 $1 $14) 25. Rxc7 Ra8 (25... Kd6 $5 26. Ra7 Ra8 27.
Rxa8 Bxa8 28. Kc3 Kc7 29. g3 Kb6 30. Nd3 $14) 26. Nd3 Kd6 (26... Bxg2 $6 27.
Nc5 Rd8 28. Nxa6 Kd6 29. Bxb5) 27. Rc1 Nb6 28. Nc5 (28. Nf4 Nc4+ 29. Kc2 Rc8)
28... g5 (28... Nc4+ 29. Kc3 g5 30. b3) 29. f3 (29. g3 $5) 29... Nc4+ 30. Bxc4
$1 bxc4 (30... Bxc4 31. Ne4+ Ke7 32. b3 Bxb3 33. Rc7+ $16) 31. Ne4+ Ke7 (31...
Bxe4 $5 32. fxe4 Rb8 33. Kc2 (33. Rc2 Rb3 34. Kc1 Re3) 33... f5 $132) 32. b3 $1
Bxe4 (32... Rc8 $6 33. Ke3 $1 h6 34. Nd2 c3 35. Nc4 Bxc4 36. Rxc3 $16) (32...
cxb3 33. Rc7+ Kf8 34. Rxh7 Bxe4 35. fxe4 Kg8 36. Rb7 $16) 33. fxe4 cxb3 {
HechT: T-T Motive: B-Schwächen beiderseits, aktiverer wK, Suche nach besserer
weißer Verteidigung} 34. Rc7+ Kd6 35. Rb7 (35. Rxh7 $6 Rc8 $1) 35... e5 36. d5
(36. Rb6+ Kc7 37. Rxb3 exd4 38. Kd3 Rd8 39. Rb4 Kc6 $10) 36... f5 37. Kd3 Rf8
38. Rb6+ (38. Rxb3 $2 fxe4+ 39. Kxe4 Rf4+ 40. Ke3 Kxd5) 38... Kc5 39. Rxb3
fxe4+ 40. Kxe4 Rf2 41. Rc3+ $1 (41. Rg3 Re2+ 42. Kd3 Ra2 43. Rxg5 Kxd5) 41...
Kd6 42. Rc6+ Kd7 43. Rh6 Re2+ (43... Rxg2 44. Rxh7+ Kd6 45. Rh6+ Kd7 46. Kxe5)
44. Kf3 Rd2 45. Rxh7+ Kd6 46. Rg7 Rd3+ $1 (46... Ra2 {Hecht} 47. Rg6+ Kxd5 48.
Rxa6 e4+ 49. Kg3 Kd4 $13) 47. Ke4 (47. Ke2 Rxa3 48. Rxg5 Kxd5 49. h4 Kd4 50. h5
e4 $10) 47... Rd4+ 48. Kf5 e4 (48... Rf4+ $5 49. Kxg5 Rf2 50. Kh4 e4 51. Kg3 e3
52. Rg8 Kxd5 53. Re8 Kd4 54. h4 Rf1 55. h5 Kd3 56. Rd8+ $10) 49. Rg8 e3 (49...
Kxd5 50. Re8 $1 Ra4 (50... Rd2 $4 51. Rd8+) 51. Re5+ Kd6 52. Rxe4 Rxa3 53. Kxg5
$18) (49... Rxd5+ 50. Kxe4 Ra5 51. Kf3 (51. h3 $6 Ke6 52. Kf3 Kf7 $6 (52... Kf6
$1 53. Rf8+ Kg6 $10) 53. Rd8 Kf6 54. Rd3 Kf5 55. g4+ $16) 51... Rxa3+ 52. Kg4
Ra2 53. Kh3 Ra5 54. g3 Ke6 55. Kg4 Kf6 $2 (55... Kf7 $1 56. Rc8 (56. Rxg5 $4
Rxg5+ 57. Kxg5 a5 $19) 56... Rb5 $10) 56. Kh5 Ra2 57. h3 Rh2 58. Kg4 a5 59. Ra8
$18) 50. Re8 Rxd5+ 51. Kf6 Rd2 52. g4 Rxh2 (52... e2 53. Kxg5 Kd5 54. h4 Kd4
55. h5 Kd3 56. h6 Rd1 57. h7 $18) 53. Rxe3 Rh8 54. Rd3+ (54. Rd3+ Kc6 55. Kxg5
$18) 1-0

[Event "Vienna op"]
[Site "Vienna"]
[Date "1996.??.??"]
[Round "9"]
[White "Dreev, Alexey"]
[Black "Lerner, Konstantin Z"]
[Result "0-1"]
[WhiteElo "2645"]
[BlackElo "2580"]
[Annotator "Chekhov,V"]
[PlyCount "112"]
[EventDate "1996.??.??"]
[EventType "swiss"]
[EventRounds "9"]
[EventCountry "AUT"]
[SourceTitle "CBM 053 Extra"]
[Source "ChessBase"]
[SourceDate "1996.09.01"]
[SourceVersion "1"]
[SourceVersionDate "1996.09.01"]
[SourceQuality "1"]

1. d4 Nf6 2. c4 e6 3. Nf3 b6 4. a3 Ba6 5. Qc2 Bb7 6. Nc3 c5 7. e4 cxd4 8. Nxd4
d6 9. Be2 Be7 10. Be3 a6 11. g4 $6 {N/} (11. O-O Qc7 12. Rac1 Nbd7 13. f3 Rc8
14. Rfd1 O-O 15. Bf1 Rfe8 16. Qf2 Qb8 $132 {Farago,I-Lerner,K/Genoa/1989/0,5/
19/}) 11... Nfd7 12. O-O-O Nc6 13. Nxc6 Bxc6 14. f4 Qb8 15. g5 O-O (15... b5 $5
16. h4 b4 17. axb4 Qxb4 18. h5 Rb8 $36) 16. h4 b5 17. h5 b4 18. axb4 Qxb4 19.
g6 (19. Rhg1 Rab8 $36) 19... Bf6 20. gxf7+ (20. gxh7+ Kh8 21. Bd4 Bxd4 22. Rxd4
Nc5 $36) 20... Rxf7 21. Bd3 Bxc3 (21... Rb8 22. e5 dxe5 23. Bxh7+ Kh8 24. Be4
$13) 22. Qxc3 (22. bxc3 Qa3+ 23. Kd2 Ba4 24. Qc1 Qa2+ 25. Bc2 Nc5 $17) 22...
Qxc3+ 23. bxc3 Nc5 24. Bxc5 dxc5 $17 25. Rh4 Rd8 (25... Raf8 26. f5 exf5 27.
exf5 Bd7 28. Be4 $1) 26. Bc2 Rxd1+ 27. Kxd1 a5 28. Kc1 e5 (28... Rb7 $5 29. Rh2
a4 30. Rd2 a3 31. Rd8+ Kf7 32. Ra8 Rb1+ 33. Kxb1 Bxa8 34. Ka2 e5 35. f5 Kf6 36.
Kxa3 Bc6 37. Kb2 Kg5 38. Kc1 h6 39. Kd2 Kf4 $19) 29. f5 Rf6 (29... h6 $5) 30.
Rh2 Rd6 31. Kb2 Kf8 (31... h6 $5) 32. Ka3 Be8 (32... h6 33. Ba4 Bxe4 34. Re2
Bxf5 35. Rxe5 $14) 33. Ba4 Bf7 34. Bc2 (34. Bb5 $5 Rd1 (34... Ke7 $5 35. Ka4
Rd3 36. Kxa5 Rxc3 37. Kb6 Bxc4 38. Kxc5 Bxb5+ 39. Kxb5 Re3 40. h6 $10) 35. h6
Re1 $6 (35... gxh6 36. Rxh6 Kg7 37. Rc6 h5 $36) 36. Rd2 $22 gxh6 37. f6) 34...
Bxc4 35. Bb3 (35. Ka4 h6 $22 36. Kxa5 Ra6#) 35... Rd3 $1 36. Kb2 (36. Bxc4
Rxc3+ 37. Bb3 c4 38. Ka4 cxb3 39. Kxa5 Re3 $19) 36... Bb5 (36... Bxb3 37. Kxb3
Re3 38. Rh4 a4+ 39. Kc4 $6 (39. Kxa4 Rxc3 40. Kb5 Kf7 41. Kc6 c4 42. Kd5 Kf6
43. h6 $10) 39... a3 40. Kb3 a2 $17) 37. Bd5 h6 38. Rf2 Re3 (38... Ke7 39. Rg2
Kf8 40. Rf2) (38... Be8 $5) 39. c4 Be8 40. f6 Bxh5 41. fxg7+ Kxg7 42. Rf5 Bg4
43. Rxe5 Kf6 44. Re8 a4 45. Ra8 a3+ 46. Ka2 (46. Rxa3 Rxa3 47. Kxa3 Ke5 48. Bf7
h5 $19) 46... Ke5 (46... h5 $5) 47. Rc8 Kf4 48. e5 Bd1 49. Bc6 (49. Rxc5 Bb3+
50. Kxa3 Bxc4+ 51. Kb4 Bxd5 52. Rxd5 Rxe5 53. Rd6 h5 54. Rh6 Kg4 55. Kc4 h4 56.
Kd4 Rg5 57. Ke3 Kg3 $19) 49... Bb3+ 50. Kxa3 Bxc4+ 51. Ka4 Rxe5 $19 52. Rf8+
Kg5 53. Ka5 Be2 54. Rg8+ Kf4 55. Rf8+ Ke3 56. Rh8 h5 0-1

[Event "Moscow International"]
[Site "Moscow"]
[Date "1982.05.14"]
[Round "5"]
[White "Razuvaev, Yuri S"]
[Black "Szekely, Peter"]
[Result "1-0"]
[WhiteElo "2485"]
[BlackElo "2430"]
[Annotator "Chekhov,V"]
[PlyCount "67"]
[EventDate "1982.05.09"]
[EventType "tourn"]
[EventRounds "13"]
[EventCountry "URS"]
[EventCategory "10"]
[SourceTitle "MCL"]
[Source "ChessBase"]
[SourceDate "1999.07.01"]
[SourceVersion "1"]
[SourceVersionDate "1999.07.01"]
[SourceQuality "1"]

1. d4 Nf6 2. c4 e6 3. Nf3 b6 4. a3 c5 5. d5 Ba6 6. Qc2 exd5 7. cxd5 g6 8. Nc3
d6 9. g3 Bg7 10. Bg2 O-O 11. O-O b5 (11... Nbd7 $5 12. Re1 Re8 13. Bf4 $6 (13.
h3 $5) 13... Qe7 14. e4 Ng4 $15 {Kramnik,V-Timman,J/Linares/1993/1/2-1/2/82/})
12. Re1 Nbd7 13. h3 Qb6 14. e4 Rac8 15. Bf4 Nh5 $6 (15... Rfe8 $5) (15... b4 $6
16. Na4 Qb8 17. Nd2) 16. Be3 Rfe8 17. g4 $1 Nhf6 18. Nd2 $16 h5 (18... b4 $2
19. axb4 $18) 19. g5 Nh7 20. f4 Re7 (20... Qd8 21. Bf1 $1 {/\a4/}) 21. e5 $1
dxe5 (21... Ndf8 $6 22. e6 Rce8 23. f5 $18) 22. f5 gxf5 (22... Ree8 $5 23. Be4
Nhf8 24. f6 Bh8 25. Bg2 {/\Nde4/}) 23. Qxf5 e4 $6 (23... Qg6 $5 24. Be4 Qxf5
25. Bxf5 Nhf8 26. d6 Ree8 27. Nd5 $16) 24. Ndxe4 Qg6 25. Qxg6 fxg6 26. d6 Re5
27. Rad1 b4 (27... Rce8 28. Bf4 R5e6 29. Nd5 $18) 28. Nd5 Rxd5 (28... Kh8 29.
axb4 cxb4 30. Nxb4 $18) 29. Rxd5 Bxb2 30. Nxc5 $18 Rxc5 (30... Nxc5 31. Rxc5
bxa3 32. Bd5+ $18) 31. Rxc5 bxa3 32. Bd5+ Kg7 33. Rc7 Bb5 34. Rf1 1-0

[Event "Buenos Aires"]
[Site "Buenos Aires"]
[Date "1980.??.??"]
[Round "?"]
[White "Panno, Oscar"]
[Black "Andersson, Ulf"]
[Result "1/2-1/2"]
[WhiteElo "2540"]
[BlackElo "2590"]
[Annotator "Chekhov,V"]
[PlyCount "42"]
[EventDate "1980.10.15"]
[EventType "tourn"]
[EventRounds "13"]
[EventCountry "ARG"]
[EventCategory "13"]
[SourceTitle "MCL"]
[Source "ChessBase"]
[SourceDate "1999.07.01"]
[SourceVersion "1"]
[SourceVersionDate "1999.07.01"]
[SourceQuality "1"]

1. d4 Nf6 2. c4 e6 3. Nf3 b6 4. a3 c5 5. e3 (5. d5 $5 Ba6 6. Qc2 exd5 7. cxd5
g6) 5... g6 6. Nc3 Bg7 7. Be2 O-O 8. O-O Bb7 9. b4 (9. d5 $6 exd5 10. cxd5 Re8)
9... cxd4 10. Nxd4 (10. exd4 $5 d5 11. c5 bxc5 12. bxc5 Ne4 13. Bb2 Nc6 $13)
10... Nc6 (10... d6 {/\ a6, Nbd7}) 11. Nxc6 Bxc6 (11... dxc6 $5 12. Qc2 (12.
Bf3 $5 Ne4 $140 13. Bxe4 Bxc3 14. Ra2) 12... c5) 12. Bb2 d5 13. Qb3 dxc4 14.
Bxc4 Qe7 15. Rad1 Rfd8 16. f3 Ne8 (16... Rxd1 $5 17. Rxd1 Rd8 18. Rxd8+ (18. e4
$5) 18... Qxd8 19. Bxe6 fxe6 20. Qxe6+ Kf8 21. Qxc6 Qd2) 17. Bb5 (17. e4 Bd4+
18. Kh1 Qf6 {/\ Rd7,Rad8}) (17. Ne2 Bxb2 18. Qxb2 Nd6 19. Ba6) 17... Bxb5 18.
Nxb5 Bxb2 19. Qxb2 Nd6 20. Nxd6 Rxd6 21. Rxd6 Qxd6 (21... Qxd6 22. Qc3 Rd8 23.
e4 $10) 1/2-1/2

[Event "Olympiad-32"]
[Site "Yerevan"]
[Date "1996.10.01"]
[Round "14.1"]
[White "Ehlvest, Jaan"]
[Black "Hansen, Curt"]
[Result "0-1"]
[WhiteElo "2660"]
[BlackElo "2595"]
[Annotator "Chekhov,V"]
[PlyCount "60"]
[EventDate "1996.09.15"]
[EventType "team-swiss"]
[EventRounds "14"]
[EventCountry "ARM"]
[SourceTitle "CBM 055"]
[Source "ChessBase"]
[SourceDate "1996.12.01"]
[SourceVersion "1"]
[SourceVersionDate "1996.12.01"]
[SourceQuality "1"]
[WhiteTeam "Estonia"]
[BlackTeam "Denmark"]
[WhiteTeamCountry "EST"]
[BlackTeamCountry "DEN"]

1. Nf3 Nf6 2. d4 e6 3. c4 b6 4. a3 Bb7 5. Nc3 d5 6. Qc2 dxc4 7. Bg5 (7. e4 $5
c5 8. d5 exd5 9. exd5 Bd6 10. Bxc4 O-O (10... Qe7+ $5 11. Be3 Ng4 12. O-O Nxe3
13. Qa4+ Nd7 14. Rfe1 O-O 15. Rxe3 Qd8 $132 {Solozhenkin,E-Aseev,K/St
Petersburg/1995/0,5/17/}) 11. O-O h6 12. Re1 a6 13. a4 Nbd7 14. b3 Qc7 15. h3
Ne5 16. Nh4 $13 {Lautier,J-Karpov,A/Groningen/1995/0,5/38/}) 7... a6 (7... Nbd7
8. e4 h6 9. Bxf6 Nxf6 10. Bxc4 a6 11. Rd1 b5 12. Ba2 c6 13. O-O Be7 14. e5 Nd5
15. Ne4 g6 16. Nfd2 $36 {Dreev,A-Razuvaev,Y/Moscow/1996/1|0/59/}) 8. e4 b5 9.
e5 h6 10. Bh4 g5 11. Bg3 $6 (11. Nxg5 hxg5 12. Bxg5 Be7 13. exf6 Bxf6 14. Bxf6
Qxf6 15. Rd1 Nc6 16. Ne4 Qg7 17. Qc3 O-O-O $36 {Nestorovic,D-Timoshenko,G/
Belgrade/1995/0|1/46/}) 11... Nd5 12. Ne4 Nd7 13. h4 g4 14. Nfd2 c5 15. dxc5
Nxc5 16. h5 (16. Nd6+ Bxd6 17. exd6 Qf6 $17) 16... Nxe4 17. Nxe4 Qa5+ 18. Ke2 (
18. Nd2 O-O-O $17) (18. Qd2 Bb4 19. Nd6+ Kf8 20. axb4 Qxa1+ 21. Ke2 Bc6 $19)
18... O-O-O 19. Rd1 Be7 20. Qc1 Kb8 21. f3 Ka8 (21... gxf3+ 22. gxf3 Ka8 $17)
22. Bh4 (22. fxg4 Rhg8 23. Nf2 Bc5 $17) 22... Qc7 23. Bxe7 Nxe7 24. Nd6 Nf5 25.
Qf4 f6 26. Nxf5 (26. Nxb7 fxe5 27. Qxg4 Qxb7 $19) 26... Rxd1 27. Kxd1 fxe5 28.
Qe3 (28. Qxg4 Qd7+ 29. Kc1 exf5 $19) 28... exf5 29. fxg4 f4 30. Qc3 Rg8 0-1

[Event "Hoogovens"]
[Site "Wijk aan Zee"]
[Date "1984.01.13"]
[Round "1"]
[White "Kortschnoj, Viktor Lvovich"]
[Black "Ligterink, Gert"]
[Result "1-0"]
[WhiteElo "2635"]
[BlackElo "2445"]
[Annotator "Chekhov,V"]
[PlyCount "80"]
[EventDate "1984.01.13"]
[EventType "tourn"]
[EventRounds "13"]
[EventCountry "NED"]
[EventCategory "13"]
[SourceTitle "MCL"]
[Source "ChessBase"]
[SourceDate "1999.07.01"]
[SourceVersion "1"]
[SourceVersionDate "1999.07.01"]
[SourceQuality "1"]

1. d4 Nf6 2. c4 e6 3. Nf3 b6 4. Nc3 Bb7 5. Bg5 h6 6. Bh4 Be7 7. e3 (7. Qc2 $5)
7... Ne4 8. Bg3 (8. Nxe4 Bxe4 (8... Bxh4 $6 9. Bd3 Be7 10. O-O O-O 11. Bc2 d6
12. Ng3 Nd7 13. d5 $14 {Uhlmann,W-Minev,B/Liebenstein/1963/}) 9. Bg3 O-O 10.
Nd2 Bb7 11. Bd3 c5 12. dxc5 bxc5 13. O-O Nc6 14. Qg4 f5 15. Qe2 d6 $10 {
Uhlmann,W-Simagin,V/Zinnowitz/1965/}) 8... Bb4 9. Qc2 d6 10. Bd3 Bxc3+ 11. bxc3
Nxg3 $6 (11... f5 $5 $10) 12. hxg3 Nd7 13. e4 Qe7 14. O-O (14. a4 a5 15. g4
O-O-O {/\e5/}) 14... O-O (14... O-O-O $5 {/\g5,h5,h4/}) 15. Nh4 $1 Qg5 (15...
c5 16. f4 Rac8 17. d5 $16) (15... g5 16. Nf3 Kg7 17. Nh2 {/\f4|^/}) (15... Rfe8
$5 16. f4 e5 17. Nf5 Qf8) 16. Rae1 Nf6 17. d5 (17. Re3 {/\f4/} Ng4 $1) (17. e5
Nd7 (17... dxe5 $4 18. Rxe5 $1 Qg4 19. Be2 $18) 18. Bh7+ Kh8 19. Be4 Bxe4 20.
Qxe4 dxe5 21. Qc6 Qe7) 17... e5 (17... Rae8 18. e5 dxe5 19. Nf3 Qg4 20. Nxe5
Qg5 21. Re3 Ng4 (21... exd5 22. f4 Qh5 23. Be2) 22. Nxg4 Qxg4 23. dxe6 fxe6 (
23... Rxe6 24. Bf5) 24. Rfe1 $36) 18. Nf5 Nd7 19. f4 Qf6 20. Qd2 (20. Qe2 Rae8
21. Qg4 Bc8) 20... Rae8 21. Bc2 Nc5 22. Rf3 Bc8 (22... Ba6 $5 23. Ne3 exf4 24.
Rxf4 Qe5 25. Nf5 (25. Ng4 Qg5) 25... Bc8) 23. Ne3 exf4 24. Nf1 $1 (24. Rxf4 Qg5
) 24... Ba6 (24... Bg4 25. Rf2 {/\gf4}) 25. gxf4 Bxc4 26. e5 $1 dxe5 (26... Qd8
27. Qd4 Bxa2 28. c4 {/\Ra3/}) 27. fxe5 Qg5 (27... Qd8 28. Ne3 Bxa2 (28... Ba6
29. Nf5 $40) 29. Qd4 $36) 28. Qd4 Bxf1 (28... Bxa2 29. Rg3 Qd8 30. Ne3 {/\Nf5/}
) 29. Rfxf1 Rd8 30. c4 $16 Qe7 31. Qf4 Qg5 32. Qd4 Qe7 33. Qc3 (33. Rf5 Ne6 34.
Qe4 g6 $1 (34... Ng5 $4 35. Rxg5) 35. Rf6 Ng5) 33... Rfe8 34. Rf5 Qh4 $6 (34...
Nd7 $5 35. Re4 (35. e6 Nf6) (35. Qd3 Nf8) 35... Nf8 36. Qg3 $36) 35. Re3 Re7
36. Ref3 $1 {/\R3f4/} Red7 37. R3f4 Qe7 38. Qg3 Rf8 39. Rg4 $6 (39. Rh5 f6 (
39... Kh8 40. Rfh4 $18) 40. Qg6 $18) 39... f6 40. Rh4 $6 $138 {Black lost on
time.} (40. e6 Rd6 41. Rh5 Kh8 42. Rg6 $18) 40... fxe5 (40... fxe5 41. Rxh6 (
41. Rxe5 Qd6 {/\Re7}) 41... Rxf5 42. Bxf5 Rd6) 1-0

[Event "Buenos Aires"]
[Site "Buenos Aires"]
[Date "1980.??.??"]
[Round "?"]
[White "Browne, Walter Shawn"]
[Black "Giardelli, Sergio Carlos"]
[Result "1/2-1/2"]
[WhiteElo "2540"]
[BlackElo "2300"]
[Annotator "Chekhov,V"]
[PlyCount "48"]
[EventDate "1980.10.15"]
[EventType "tourn"]
[EventRounds "13"]
[EventCountry "ARG"]
[EventCategory "13"]
[SourceTitle "MCL"]
[Source "ChessBase"]
[SourceDate "1999.07.01"]
[SourceVersion "1"]
[SourceVersionDate "1999.07.01"]
[SourceQuality "1"]

1. d4 Nf6 2. Nf3 e6 3. c4 b6 4. Nc3 Bb7 5. a3 d5 6. cxd5 Nxd5 7. e3 (7. Qc2 $5)
7... Be7 8. Bb5+ c6 9. Bd3 Nxc3 10. bxc3 c5 11. e4 Nc6 12. Bb2 Rc8 13. O-O cxd4
14. cxd4 O-O 15. Qe2 Bf6 16. Rad1 Na5 17. Rfe1 (17. h4 $5 Bxh4 18. d5 exd5 19.
exd5 Bf6 20. Ne5 Rc5 21. d6 Bxe5 22. Bxe5 Re8 23. f4 Nc6 {Yusupov,A-Sokolov,A/
Rotterdam/1989/0:1 (33)/ Inf 47/621/} 24. Qg4 (24. Qf2 $5) 24... Nxe5 25. fxe5
Rexe5 26. Bxh7+ Kxh7 27. Rxf7 $10) 17... Bc6 $6 (17... g6 18. Ne5 Bg7 19. Bb5
Qd6 20. h4 $14 {Komarov,D-Vladimirov,E/USR/1989/}) (17... Re8 18. h3 Bc6 (18...
Rc7 $5) 19. d5 Ba4 20. e5 $1 exd5 21. Bf5 Bxd1 22. Qxd1 Nc4 23. Ba1 Be7 24. e6
$36 {Aseev,K-Komarov,D/URS/1989/0:1 (40)/ Inf 48/668/}) 18. d5 exd5 19. exd5 $2
(19. e5 $1 Be7 20. Bf5 Rc7 21. e6 $40) 19... Bxb2 20. Qxb2 (20. dxc6 Qf6 $17)
20... Ba4 21. Rd2 Nb3 22. Rdd1 (22. Rde2 Qxd5) 22... Na5 (22... Nc5 23. Bc2
Bxc2 24. Qxc2 {[]e5-c6@/}) 23. Rd2 Nb3 24. Rdd1 Na5 1/2-1/2

[Event "Buenos Aires"]
[Site "Buenos Aires"]
[Date "1980.??.??"]
[Round "?"]
[White "Kavalek, Lubomir"]
[Black "Giardelli, Sergio Carlos"]
[Result "1-0"]
[WhiteElo "2600"]
[BlackElo "2300"]
[Annotator "Chekhov,V"]
[PlyCount "82"]
[EventDate "1980.10.15"]
[EventType "tourn"]
[EventRounds "13"]
[EventCountry "ARG"]
[EventCategory "13"]
[SourceTitle "MCL"]
[Source "ChessBase"]
[SourceDate "1999.07.01"]
[SourceVersion "1"]
[SourceVersionDate "1999.07.01"]
[SourceQuality "1"]

1. d4 Nf6 2. Nf3 b6 3. c4 e6 4. Nc3 Bb7 5. a3 d5 6. cxd5 exd5 7. Bg5 (7. g3 Be7
8. Bg2 O-O 9. O-O Nbd7 10. Bf4 c5 11. Qc2 Rc8 12. Rad1 Ne4 13. dxc5 Rxc5 14.
Be3 Rc7 15. Bd4 Bf6 $1 $15 {Shirov,A-Epishin,V/Biel(izt)/1993/0,5 (70) Inf 52/
510/}) 7... Be7 8. Bxf6 $5 (8. e3 $5) 8... Bxf6 9. g3 O-O 10. Bg2 Qe7 11. O-O
Rd8 12. Rc1 (12. b4 c5 $5 13. bxc5 bxc5 14. Rc1 cxd4 15. Nxd4 Qxa3) 12... Nd7 (
12... c5 $5) 13. b4 Nf8 (13... c5 $5 14. dxc5 Bxc3 15. Rxc3 bxc5 16. bxc5 Nxc5
{[]e4/}) 14. Qb3 Ne6 15. Rfd1 c6 16. e3 Rac8 17. Ne1 $1 $14 Ng5 $6 (17... h5
$5) 18. b5 $1 c5 (18... cxb5 19. Nxb5 a6 20. Nc3 Qe6 21. Nd3 {[]f4/}) 19. Nxd5
Bxd5 20. Bxd5 cxd4 21. Rxc8 Rxc8 22. exd4 Bxd4 23. Rxd4 $1 Qxe1+ 24. Kg2 $16 g6
(24... Rc1 $2 25. Bxf7+ $1 $18) 25. Bc6 Qe6 26. Qd1 (26. Qxe6 Nxe6 27. Rd7 Rc7)
26... Qf6 27. Rd7 a5 28. Rd6 Ne6 $2 (28... Qe7 $5 29. Rd7 (29. Bd7 Rb8) 29...
Qf6 (29... Qxa3 30. Rd8+) 30. h4 (30. Qd6 Qxd6 31. Rxd6 Ne6 32. Bd5 Rd8 33.
Rxd8+ Nxd8 34. Kf3 Kg7 35. Ke4 Kf6 {[]e6/}) 30... Ne6 31. Qf3 $5 Qxf3+ 32.
Kxf3 Nc5 33. Rd6 Kg7 (33... Kf8 34. Bd5 Rb8 35. Rf6) 34. g4 $16) 29. Bd7 Rd8 (
29... Rc3 30. Bxe6 fxe6 31. Rxb6 $18) 30. Bxe6 Rxd6 31. Qxd6 Qxe6 (31... fxe6
32. Qxb6 $18) 32. Qxe6 fxe6 33. Kf3 Kf7 34. Ke4 Kf6 35. f4 a4 36. g4 g5 (36...
h6 37. h4 Kf7 38. Ke5 Ke7 39. h5 gxh5 40. gxh5 Kf7 41. f5 exf5 42. Kxf5 $18)
37. fxg5+ $1 Kxg5 38. Ke5 $18 Kxg4 39. Kxe6 h5 40. Kd6 h4 41. Kc6 Kh3 (41...
Kh3 42. Kxb6 Kxh2 43. Ka5 h3 44. b6 Kg1 (44... Kg3 45. b7 h2 46. b8=Q+ $18) (
44... Kg2 45. b7 h2 46. b8=Q h1=Q 47. Qb7+ $18) 45. b7 h2 46. b8=Q h1=Q 47.
Qb1+ $18) 1-0

[Event "Buenos Aires"]
[Site "Buenos Aires"]
[Date "1980.??.??"]
[Round "?"]
[White "Browne, Walter Shawn"]
[Black "Najdorf, Miguel"]
[Result "0-1"]
[WhiteElo "2540"]
[BlackElo "2510"]
[Annotator "Chekhov,V"]
[PlyCount "62"]
[EventDate "1980.10.15"]
[EventType "tourn"]
[EventRounds "13"]
[EventCountry "ARG"]
[EventCategory "13"]
[SourceTitle "MCL"]
[Source "ChessBase"]
[SourceDate "1999.07.01"]
[SourceVersion "1"]
[SourceVersionDate "1999.07.01"]
[SourceQuality "1"]

1. d4 Nf6 2. c4 e6 3. Nf3 b6 4. a3 c5 5. d5 Ba6 6. Qc2 Qe7 $6 (6... exd5 7.
cxd5 Bb7 8. e4 Qe7 9. Bd3 Nxd5 10. O-O Nc7 11. Nc3 $1 $44 {Cvitan,O-Short,N/
Mexico/1981/1:0/23/}) 7. Bg5 exd5 8. Bxf6 (8. Nc3 $1 Bxc4 9. e4 $3 $16 {
Kasparov,G-Van der Wiel,J/Graz/1981/1:0/53/}) 8... Qxf6 9. cxd5 g6 10. Nc3 Bg7
11. e4 Bxf1 12. e5 Qe7 13. Kxf1 O-O 14. Nb5 $6 (14. Re1 d6 15. e6 Na6 16. h4
Nc7 17. h5 $1 Rae8 (17... Bxc3 $2 18. Qxc3 Nxd5 19. Qd2 Nf6 20. Ng5 $18 {
Rodriguez,R-Chen De/Hangzhou/1981/}) 18. hxg6 hxg6 19. Nh4 $16 {P.Nikolic/})
14... a6 $6 (14... Bxe5 $5 15. d6 (15. Re1 d6 16. Nxe5 dxe5 17. d6 Qd7 18. Nc7
Nc6 19. Nxa8 Rxa8 $44) 15... Bxd6 16. Qd2 Be5 17. Nxe5 Qxe5 18. Re1 Qf5 19. Nc7
Nc6 $44) 15. Nc7 Ra7 16. d6 Qd8 17. Re1 Nc6 18. h4 Rxc7 (18... h5 $5) (18... h5
$14) 19. dxc7 Qxc7 20. Qe4 Re8 21. h5 Nxe5 22. h6 $1 Bh8 23. Nxe5 $2 (23. Rh4
$1 d6 24. Qd5 Rf8 25. Rhe4 (25. Ng5 {P he4,f4/} Bf6 $1) 25... b5 (25... Nxf3
26. gxf3 {P e8, e7-/+/}) 26. b3 $16) (23. Rh4 $1 $16 {P d5, he4}) 23... Qxe5 (
23... Rxe5 $4 24. Qa8+) 24. Qxe5 (24. Rh4 d5 $17) (24. Rh4 $15) 24... Rxe5 25.
Rd1 d5 26. Rh3 Kf8 $17 27. b4 $6 (27. Re3 Rxe3 28. fxe3 Bxb2 $19 (28... Bxb2
29. Rb1 Bxa3 30. Rxb6 Bc1 31. Ke2 d4 32. exd4 cxd4 33. Kd3 Bxh6 34. Kxd4 $10))
(27. f4 $5 Rf5 28. Ke2 d4 (28... Bxb2 29. Rb3) (28... Rxf4 29. Rxd5) 29. Kf3 g5
30. g3 gxf4 31. gxf4 c4 32. Ke4) 27... c4 28. g4 g5 29. Rh5 $6 c3 30. Rh3 Re6
31. Rxd5 c2 (31... c2 32. Rd8+ Re8 33. Rxe8+ Kxe8 34. Re3+ Kf8 (34... Kd7 35.
Re1 Bb2 $19) 35. Re1 Bb2 $19) 0-1